00258nam a2200109Ia 4500008004100000041001200041082001100053100001900064245005200083260000600135650000700141221030s9999 xx 000 0 und d aEnglish a105.23 aD. J. Cichelli 0aCompensating the Sales Forcecby D. J. Cichelli c0 aMb